Rasskazy o fizikach i matematikach /

Saved in:
Bibliographic Details
Main Author: Gindikin, Semion Grigorievič (Author)
Format: Book
Language:Russian
Published: Moskva : Nauka, 1985
Edition:2.izd.ispravl.
Subjects:
Tags: Add Tag
No Tags, Be the first to tag this record!

MARC

LEADER 00000nam a22000003a 4500
001 stu126542
005 20150617225909.8
008 060919s1985----xxr-----------------rus-d
040 |a STU  |b slo 
041 0 |a rus 
044 |a xxr 
080 |a 51  |7 stu_us_auth*stu8333 
080 |a 53  |7 stu_us_auth*stu7966 
080 |a 929  |7 stu_us_auth*stu8257 
100 1 |a Gindikin, Semion Grigorievič  |4 aut 
245 1 |a Rasskazy o fizikach i matematikach /  |c [aut.]S.G. Gindikin 
250 |a 2.izd.ispravl. 
260 |a Moskva :  |b Nauka,  |c 1985 
300 |a 189 s 
650 7 |a fyzika  |2 stusub 
650 7 |a osobnosti  |2 stusub 
650 7 |a matematika  |2 stusub 
996 |b E56917  |c E*56917  |l EE03  |s P  |a 0  |w stu126542_0002